| 000 | 01165cam a2200265 a 4500 | ||
|---|---|---|---|
| 001 | 17015184 | ||
| 005 | 20130131160641.0 | ||
| 008 | 111021s2012 nyuab b 001 0 eng | ||
| 020 | _a9780415781978 (hbk) | ||
| 020 | _a9780415781985 (pbk) | ||
| 020 | _a9780203144817 (ebk) | ||
| 082 | 0 | 0 |
_a364.164 _223 _bHAY |
| 100 | 1 |
_aHaywood, Robert. _932278 |
|
| 245 | 1 | 0 |
_aMaritime Piracy / _cRobert Haywood and Roberta Spivak. |
| 260 |
_aAbington, Oxon ; _aNew York, NY : _bRoutledge, _c2012. |
||
| 300 |
_axxiii, 156 p. : _bill., maps ; _c23 cm. |
||
| 490 | 0 | _aRoutledge global institutions series ; v. 63 | |
| 504 | _aIncludes bibliographical references (p.[145]-146) and index. | ||
| 505 | 0 | _aPiracy, the nature of the problem -- History -- The nuts and bolts of twenty-first century maritime governance relevant to combating piracy -- Evolving norms and conventions -- Current debates -- Key gaps and criticisms -- Emerging trends and future directions | |
| 650 | 0 |
_aPiracy (International law) _932279 |
|
| 650 | 0 |
_aPiracy _xPrevention _xInternational cooperation. _932280 |
|
| 653 |
_bPol _cJanuary2013 |
||
| 700 | 1 |
_aSpivak, Roberta. _932281 |
|
| 942 |
_2ddc _cBB |
||
| 999 |
_c17201 _d17173 |
||